Human being

Bibliographic Details
Main Author: Ng, May Tee
Format: Book
Published: Selangor : Firefly Publication , 2004
Series:Science for children
Subjects:

MARC

LEADER 00000cam a2200000 7i4500
001 0000005222
005 20151222.0
008 070802
020 |a 9832974054 
090 0 0 |a JF   |b SC ENG 
100 0 |a Ng, May Tee 
245 1 0 |a Human being   |c Ng May Tee 
260 |a Selangor :   |b Firefly Publication ,   |c 2004 
440 |a Science for children 
500 |a Children ages 7-9 years old (orange) 
650 0 |a Body, Human   |x Juvenile literature 
650 0 |a Human physiology   |x Juvenile literature 
999 |a 0000976974   |b Book   |c Children Collection   |e Cawangan Segamat 
999 |a 0000976976   |b Book   |c Children Collection   |e Perbadanan Perpustakaan Awam Johor 
999 |a 0000976977   |b Book   |c Children Collection   |e Perbadanan Perpustakaan Awam Johor 
999 |a 0000976978   |b Book   |c Children Collection   |e Perbadanan Perpustakaan Awam Johor